[Event "UKM KL Masters"]
[Site "Kuala Lumpur INA"]
[Date "2010.04.14"]
[Round "1"]
[White "Tirto"]
[Black "Nirav Y.,R"]
[Result "0-1"]
[WhiteElo "2402"]
[BlackElo "2183"]

1.d4 Nf6 2.c4 e6 3.g3 c5 4.Nf3 cxd4 5.Nxd4 d5 6.Bg2 e5 7.Nf3 d4 8.O-O Nc6
9.e3 Bg4 10.h3 Bh5 11.Qa4 Qd7 12.exd4 Bxf3 13.Bxf3 Nxd4 14.Qxd7+ Nxd7 15.Bd1 Rc8
16.b3 Bc5 17.Nc3 O-O 18.Nd5 Rfe8 19.Bb2 Nf6 20.Ne3 Rcd8 21.Kg2 Ne4 22.Nd5 a5
23.Re1 f5 24.g4 Nf6 25.Nxf6+ gxf6 26.gxf5 Nxf5 27.Bh5 Rd2 28.Re2 Rxe2 29.Bxe2 Bd4
30.Bxd4 Nxd4 31.Bh5 Re7 32.Rd1 Kf8 33.Rd3 Ne6 34.Kh2 f5 35.Rd6 Kg7 36.Kg3 e4
37.Rd2 Kf6 38.Rd6 Ke5 39.Rd5+ Kf6 40.f4 Rg7+ 41.Bg4 fxg4 42.hxg4 b6 43.Rf5+ Ke7
44.Re5 Kd6 45.Rxe4 h5 46.g5 Rf7 47.a3 Ng7 48.Kh4 Nf5+ 49.Kxh5 Ng3+ 50.Kg6 Rf8
51.Re3 Nf5 52.Rd3+ Ke6 53.Kh5 Rh8+ 54.Kg4 Rh4+ 55.Kf3 Rh3+ 56.Ke2 Rh2+ 57.Ke1 Ra2
58.a4 Rb2 59.Kd1 Rf2 60.Rd8 Rxf4 61.Rb8 Rd4+ 62.Kc2 Rd6 63.Kc3 Ng3 64.Re8+ Kf5
65.c5 Rc6 66.b4 Ne4+ 67.Kc4 axb4 68.Kxb4 bxc5+ 69.Kb5 Rg6 70.Rf8+ Ke5 71.a5 Kd5
72.a6 Nd6+ 73.Kb6 Nc4+ 74.Kb7 Na5+ 75.Ka7 Nc6+ 76.Kb7 Rxg5 77.Rc8 Rg7+ 78.Kb6 Rg6
79.Kc7 c4 80.Rh8 Kc5 81.Rh5+ Kb4 82.Rh4 Kb5 83.Rh5+ Kxa6 84.Rc5 Na5 85.Rd5 c3
86.Rd1 Rc6+ 87.Kd7 c2 88.Rc1 Nb3  0-1

[Event "Heroes Day Cup Masters"]
[Site "Bridgetown BAR"]
[Date "2010.04.29"]
[Round "4"]
[White "Warner,De"]
[Black "Rowe,D"]
[Result "0-1"]
[WhiteElo "2216"]
[BlackElo "2194"]

1.d4 Nf6 2.c4 e6 3.g3 c5 4.d5 exd5 5.cxd5 d6 6.Nf3 g6 7.Bg2 Bg7 8.O-O O-O
9.Nc3 Qe7 10.Nd2 Nbd7 11.Nc4 Ne5 12.Ne3 Nh5 13.h3 f5 14.f4 Nd7 15.Kh2 Re8
16.Nc4 a6 17.a4 Ndf6 18.Re1 Qf8 19.Ra3 Rb8 20.Rb3 Bh8 21.a5 Ne4 22.Nxe4 fxe4
23.g4 b5 24.axb6 Nf6 25.Ne3 Bd7 26.Qd2 Bb5 27.g5 Nh5 28.Rf1 Rxb6 29.Ng4 Bg7
30.Re3 Qf5 31.Qc2 Qxd5 32.Bxe4 Qd4 33.Rd1 Qb4 34.Bd5+ Kf8 35.Rxe8+ Bxe8 36.f5 Bxb2
37.Bxb2 Qxb2 38.Qe4 Qb4 39.Qe6 Qf4+ 40.Kh1 Qxf5 41.Qe3 Rb4 42.Nh6 Qe5 43.Rf1+ Rf4
44.Qxe5 dxe5 45.Bc4 Bb5  0-1

[Event "XV MIC"]
[Site "Split CRO"]
[Date "2010.05.11"]
[Round "4"]
[White "Milosavljevic,J"]
[Black "Curic,D"]
[Result "0-1"]
[WhiteElo "2093"]
[BlackElo "2202"]

1.d4 Nf6 2.c4 e6 3.g3 c5 4.d5 exd5 5.cxd5 Bd6 6.Nf3 b5 7.Bg2 O-O 8.O-O Re8
9.Bg5 h6 10.Bxf6 Qxf6 11.Qd2 b4 12.Re1 a5 13.Qc2 Bf8 14.Nbd2 d6 15.a4 Ba6
16.Rac1 Nd7 17.b3 Nb6 18.e4 Rac8 19.Nc4 Bxc4 20.bxc4 g6 21.Nd2 Bg7 22.Bf3 Qd8
23.Bd1 Qd7 24.Kg2 h5 25.f3 h4 26.f4 Bc3 27.Re2 hxg3 28.hxg3 Kg7 29.Rf2 f5
30.exf5 Qxf5 31.Qxf5 gxf5 32.Kf3 Bb2 33.Rb1 Bd4 34.Re2 Rxe2 35.Kxe2 Re8+
36.Kf1 Bc3 37.Nf3 Nxc4 38.Bb3 Ne3+ 39.Kg1 c4 40.Bd1 Nxd1 41.Rxd1 Re2 42.Kf1 Ra2
43.Ng5 b3 44.g4 fxg4 45.Ne4 Bb4  0-1

[Event "TCh-UKR Clubs"]
[Site "Alushta UKR"]
[Date "2010.05.16"]
[Round "6"]
[White "Kolesov,E"]
[Black "Filin,S"]
[Result "0-1"]
[WhiteElo "1989"]
[BlackElo "2052"]

1.d4 Nf6 2.c4 e6 3.g3 c5 4.Nf3 cxd4 5.Nxd4 Nc6 6.Bg2 Bb4+ 7.Bd2 Qb6 8.Nxc6 dxc6
9.Nc3 O-O 10.O-O Rd8 11.Qc2 e5 12.a3 Be7 13.b4 Qd4 14.Bg5 Qxc4 15.Bxf6 Bxf6
16.Rac1 Be7 17.Rfd1 Be6 18.e3 Qb3 19.Qxb3 Bxb3 20.Rxd8+ Rxd8 21.h4 Kf8 22.Bf3 Rd2
23.Rb1 Bc4 24.Rd1 Rxd1+ 25.Nxd1 Ke8 26.Nb2 Be6 27.Kf1 a5 28.bxa5 Bxa3 29.a6 bxa6
30.Bxc6+ Ke7 31.Na4 Bc4+ 32.Ke1 Bb4+ 33.Kd1 Kd6 34.Be8 Bd5 35.Nb2 Bf3+ 36.Kc2 Ke7
37.Ba4 Be1 38.Nd3 Be4 39.f3 Bxd3+ 40.Kxd3 Bxg3 41.h5 f5 42.Bc6 Kf6 43.Ke2 Kg5
44.Be8 a5 45.Kf1 Kf6 46.Ke2 Ke7 47.Ba4 Kd6 48.Kd3 Kc5 49.Kc3 Be1+ 50.Kb3 Bd2
51.e4 fxe4 52.fxe4 Kd4 53.Bc6 g6 54.Kc2 Bf4 55.Kd1 gxh5 56.Ke2 h4 57.Kf3 h3
58.Kf2 h2 59.Kg2 Ke3  0-1

[Event "83rd ch-StP"]
[Site "St Petersburg RUS"]
[Date "2010.05.21"]
[Round "6"]
[White "Romanov,E"]
[Black "Levin,Ev"]
[Result "1-0"]
[WhiteElo "2594"]
[BlackElo "2500"]

1.d4 Nf6 2.c4 e6 3.g3 c5 4.Nf3 cxd4 5.Nxd4 d5 6.Bg2 e5 7.Nf3 d4 8.O-O Nc6
9.e3 Bc5 10.exd4 exd4 11.Nbd2 O-O 12.Nb3 Qb6 13.Bg5 Ne4 14.Bf4 Re8 15.Nxc5 Qxc5
16.Re1 Bd7 17.Qb3 b6 18.Qd3 f5 19.Rad1 Be6 20.Nd2 Nxd2 21.Qxd2 Rad8 22.Bg5 Rc8
23.Rxe6 Rxe6 24.Bd5 Re8 25.Re1 Qxd5 26.cxd5 Rxe1+ 27.Kg2 R8e2 28.Qf4 Ne5
29.Qxf5 h6 30.Bf4 Nf7 31.Qd3 Rxb2 32.Qxd4 Rbb1 33.Qa4 g5 34.Be3 b5 35.Qe4 Kg7
36.Bd4+ Kf8 37.Bc5+ Kg7 38.Bd4+ Kf8 39.Qg6 Rbc1 40.Bg7+ Ke8 41.Bf6 Rg1+ 42.Kh3 g4+
43.Kh4  1-0

[Event "Chladek & Tintera Open"]
[Site "Hradec Kralove CZE"]
[Date "2010.05.22"]
[Round "9"]
[White "Ivanov,MM"]
[Black "Malivanek,J"]
[Result "1-0"]
[WhiteElo "2480"]
[BlackElo "2157"]

1.d4 Nf6 2.c4 e6 3.g3 c5 4.d5 exd5 5.cxd5 d6 6.Nc3 g6 7.Bg2 Bg7 8.Nf3 O-O
9.Nd2 a6 10.a4 Nbd7 11.Nc4 Nb6 12.Na3 Bd7 13.O-O Rb8 14.a5 Nc8 15.Nc4 Bb5
16.Qb3 Qd7 17.h3 b6 18.axb6 Nxb6 19.Na5 Nbxd5 20.Nxd5 Bxe2 21.Qa4 Qxa4 22.Ne7+ Kh8
23.Rxa4 Bxf1 24.Kxf1 d5 25.Ra2 Rfe8 26.Nxd5 Nxd5 27.Bxd5 f5 28.Bc4 Rb6 29.b3 Bc3
30.Be3 Bd4 31.Bf4 Re7 32.Bd5 Rd7 33.Bc6 Re7 34.Rc2 Re6 35.Ba4 Kg7 36.Nc4 Rb7
37.Nd2 h6 38.h4 Rbe7 39.Nf3 Re4 40.Bc6 R4e6 41.Bd5 Rb6 42.Nxd4 cxd4 43.Rd2 Rd7
44.Be5+ Kh7 45.Rxd4 Rb5 46.Bc4 Rxd4 47.Bxd4 Ra5 48.Ke2 g5 49.h5 f4 50.g4  1-0

[Event "XXIX Open A"]
[Site "Zalakaros HUN"]
[Date "2010.05.30"]
[Round "5"]
[White "Juhasz,Kr"]
[Black "Tesik,C"]
[Result "0-1"]
[WhiteElo "2278"]
[BlackElo "2162"]

1.d4 Nf6 2.c4 e6 3.g3 c5 4.d5 exd5 5.cxd5 g6 6.Nc3 d6 7.Bg2 Bg7 8.Nf3 O-O
9.O-O Re8 10.a4 Nbd7 11.Nd2 a6 12.h3 Rb8 13.Nc4 Ne5 14.Na3 Nh5 15.Kh2 f5
16.f4 Nf7 17.Nc4 b5 18.axb5 axb5 19.Na5 Qb6 20.Nc6 Rb7 21.Ra5 b4 22.Na4 Qc7
23.b3 Nf6 24.Bb2 Bd7 25.Ra6 Bxc6 26.dxc6 Ra7 27.Rxa7 Qxa7 28.Bf3 Ne4 29.Bxg7 Kxg7
30.g4 fxg4 31.Bxg4 Nf6 32.Bf3 Qc7 33.Rf2 Ne4 34.Bxe4 Rxe4 35.Qd5 Rd4 36.Qf3 Nh6
37.Rf1 Nf5 38.e4 Rd2+ 39.Kh1 Nd4 40.Qg4 Qxc6 41.f5 Re2 42.Rf4 Nxf5 43.Kg1 Nd4
44.Qh4 Qe8 45.Qf6+ Kg8 46.Qxd6 Rxe4 47.Rxe4 Qxe4 48.Nxc5 Qe1+ 49.Kg2 Qe2+
50.Kh1 Qe1+ 51.Kg2 Qd2+ 52.Kh1 Qd1+ 53.Kg2 Qf3+ 54.Kh2 Qe2+ 55.Kh1 Nf3 56.Qd8+ Kg7
57.Qc7+ Kh6 58.Qf4+ g5 59.Qf6+ Kh5 60.Qf7+ Kh4 61.Qxh7+ Kg3 62.Qc7+ Ne5  0-1

[Event "TCh-CHN"]
[Site "Shenzhan CHN"]
[Date "2010.06.08"]
[Round "5"]
[White "Nguyen Ngoc Truong Son"]
[Black "Wang Hao"]
[Result "0-1"]
[WhiteElo "2642"]
[BlackElo "2715"]

1.d4 Nf6 2.c4 e6 3.g3 c5 4.Nf3 cxd4 5.Nxd4 Qc7 6.Nd2 b6 7.Bg2 Bb7 8.Nb5 Qc8
9.Nf3 Qxc4 10.a4 Qc8 11.O-O a6 12.Nd6+ Bxd6 13.Qxd6 Qc5 14.Bf4 Qxd6 15.Bxd6 Ne4
16.Bc7 Bd5 17.Ne5 Nc6 18.Bxe4 Bxe4 19.Nc4 d5 20.Nxb6 Ra7 21.Bd6 Rb7 22.Bc5 f6
23.f3 Bg6 24.Rfc1 Kf7 25.Bf2 Ne7 26.a5 e5 27.Rc5 Ke6 28.Rd1 Rd8 29.b4 Be8
30.e4 d4 31.Be1 Bb5 32.Kf2 g5 33.Bd2 h5 34.Rdc1 Bd3 35.Na4 Bb5 36.Nb6 g4
37.f4 Bd3 38.Na4 Bxe4 39.R5c4 Kf5 40.Nc5 Ra7 41.Nxe4 Kxe4 42.Rc5 Nd5 43.Rc6 Kf5
44.fxe5 fxe5 45.Ke2 Ke4 46.Re1 Rf7 47.Bg5 Rdd7 48.Kd2+ Ne3 49.Rxa6 Rf2+ 50.Re2 Rf1
51.Re1 Rf2+ 52.Re2 Rxe2+ 53.Kxe2 d3+ 54.Kd2 Rc7 55.Bxe3 Rc2+ 56.Kd1 Kxe3  0-1

[Event "4th Open"]
[Site "Varna BUL"]
[Date "2010.06.20"]
[Round "9"]
[White "Kostadinov,T"]
[Black "Ivanov,Do"]
[Result "1-0"]
[WhiteElo "2265"]
[BlackElo "1815"]

1.d4 Nf6 2.c4 e6 3.g3 c5 4.Nf3 cxd4 5.Nxd4 Be7 6.Bg2 O-O 7.O-O Nc6 8.Nc3 a6
9.b3 Qc7 10.Bb2 Rd8 11.Rc1 Qa5 12.e3 Rb8 13.Qe2 Ba3 14.Rcd1 Bxb2 15.Qxb2 Nxd4
16.Rxd4 b5 17.Ne4 Nxe4 18.Bxe4 bxc4 19.Rxc4 d5 20.Qe5 Bd7 21.Bxh7+ Kf8 22.Rg4 Ke7
23.Qg5+ Kd6 24.Rd4 Rbc8 25.Rfd1 Kc7 26.Bb1 Kb7 27.Qxg7 Be8 28.Qf6 Rd7 29.Ra4 Qc5
30.Qd4 Rdc7 31.Qxc5 Rxc5 32.Rad4 Bb5 33.Kg2 e5 34.R4d2 Rc1 35.Bf5 R8c7 36.h4 Rxd1
37.Rxd1 Bc6 38.h5 d4+ 39.e4 Bd7 40.Kf3 f6 41.Kg4 Bb5 42.Rd2 Rg7+ 43.Kh4 Be8
44.h6 Rg5 45.g4 Rg8 46.h7 Rh8 47.g5 Bd7 48.g6 Bxf5 49.exf5  1-0

[Event "Scheveningen"]
[Site "Kefar Sava ISR"]
[Date "2010.06.27"]
[Round "6"]
[White "Kudischewitsch,D"]
[Black "Levine,Y"]
[Result "1-0"]
[WhiteElo "2352"]
[BlackElo "2085"]

1.d4 Nf6 2.c4 e6 3.g3 c5 4.d5 exd5 5.cxd5 d6 6.Nc3 g6 7.Qd3 a6 8.a4 Qe7 9.Bg2 Bg7
10.Qe3 Qxe3 11.Bxe3 O-O 12.Nf3 Re8 13.Nd2 Ng4 14.Bf4 Ne5 15.Nce4 Nbd7 16.Nxd6 Re7
17.O-O h6 18.h4 Ng4 19.Nxc8 Rxc8 20.d6 Re6 21.Bxb7 Rb8 22.Bxa6 Rxb2 23.Bc4 Re8
24.Rab1 Rc2 25.Rb7 Be5 26.Rxd7 Bxf4 27.Bxf7+ Kf8 28.Bxe8 Bxd2 29.Bxg6  1-0

[Event "Sparkassen Open"]
[Site "Nettetal GER"]
[Date "2010.07.06"]
[Round "4"]
[White "Busch,C"]
[Black "Van der Grinten,B"]
[Result "1-0"]
[WhiteElo "2122"]
[BlackElo "1938"]

1.d4 Nf6 2.c4 e6 3.g3 c5 4.Nf3 cxd4 5.Nxd4 Nc6 6.Bg2 a6 7.O-O e5 8.Nc2 d6
9.Nc3 Be7 10.b3 O-O 11.Bb2 Bd7 12.Qd2 Rb8 13.Ba3 Qa5 14.b4 Qc7 15.Ne3 Be6
16.Rac1 Qd7 17.Ncd5 Nd4 18.Bb2 Nf5 19.Nxe7+ Qxe7 20.Nxf5 Bxf5 21.Qg5 Bg4
22.c5 Bxe2 23.Rfe1 Bb5 24.cxd6 Qe6 25.Bxe5 Rfe8 26.h4 h6 27.Qf4 Nd7 28.Bc3 Qxa2
29.Qg4 f6 30.Qh5 Nb6 31.Bd4 Qd2 32.Red1 Qxb4 33.Bxb6 Be2 34.Qd5+ Kh8 35.Ba5  1-0

[Event "Heart of Finland"]
[Site "Jyvaskyla FIN"]
[Date "2010.07.09"]
[Round "7"]
[White "Pessi,J"]
[Black "Norri,J"]
[Result "0-1"]
[WhiteElo "2160"]
[BlackElo "2339"]

1.d4 Nf6 2.c4 e6 3.g3 c5 4.d5 exd5 5.cxd5 b5 6.Bg2 d6 7.a4 b4 8.Nd2 Ba6 9.b3 Nbd7
10.Bb2 g6 11.Nh3 Bg7 12.O-O O-O 13.Re1 Re8 14.Nc4 Bxc4 15.bxc4 Ne4 16.Bxg7 Kxg7
17.Qd3 Nc3 18.f4 Qf6 19.e3 Rab8 20.g4 Nb6 21.a5 Nba4 22.g5 Qf5 23.e4 Qg4
24.Qe3 Rxe4 25.Qd3 Ree8 26.Rac1 Nb2 27.Qf1 Nba4 28.Qd3  0-1

[Event "Aegean Open"]
[Site "Agios Kirykos GRE"]
[Date "2010.07.17"]
[Round "5"]
[White "Nikolaidis,K"]
[Black "Nikolov,Mo"]
[Result "0-1"]
[WhiteElo "2290"]
[BlackElo "2552"]

1.d4 Nf6 2.c4 e6 3.g3 c5 4.d5 exd5 5.cxd5 d6 6.Nc3 g6 7.Bg2 Bg7 8.Nf3 O-O
9.O-O a6 10.a4 Re8 11.Nd2 Nbd7 12.Nc4 Ne5 13.Ne3 Nh5 14.f4 Ng4 15.Nc2 f5
16.h3 Ngf6 17.Kh2 Bd7 18.a5 b5 19.axb6 Qxb6 20.Bf3 Re7 21.e3 Ne8 22.g4 Nhf6
23.g5 Ne4 24.Nxe4 fxe4 25.Be2 Nc7 26.Na3 Bb5 27.Nc4 Bxc4 28.Bxc4 a5 29.Ra2 Na6
30.b3 Nb4 31.Raf2 Nd3 32.Bxd3 exd3 33.f5 gxf5 34.Qxd3 Rb8 35.Qxf5 Qxb3 36.e4 Qd3
37.Bf4 Rf8 38.Qg4 Qxe4 39.Bxd6 Rxf2+ 40.Rxf2 Qxg4 41.hxg4 Rd7 42.Bxc5 Rxd5
43.Be7 a4 44.Ra2 Ra5 45.Kg3 Bf8 46.Bxf8 Kxf8 47.Ra3 Ke7 48.Kf4 Kd6 49.Rh3 a3
50.Rh6+ Kd5 51.Rxh7 a2 52.Rh1 a1=Q 53.Rxa1 Rxa1 54.Kf5 Rf1+ 55.Kg6 Ke6 56.Kh7 Rg1
57.g6 Rxg4  0-1

[Event "Open A"]
[Site "Oberwart AUT"]
[Date "2010.07.17"]
[Round "5"]
[White "Karner,C"]
[Black "Palac,M"]
[Result "1/2-1/2"]
[WhiteElo "2345"]
[BlackElo "2562"]

1.d4 Nf6 2.c4 e6 3.g3 c5 4.d5 exd5 5.cxd5 b5 6.Nf3 Bb7 7.e4 Nxe4 8.Bg2 Be7
9.O-O O-O 10.Re1 Nd6 11.Bf4 Na6 12.Nc3 b4 13.Na4 Re8 14.b3 Bf8 15.Qd3 g6
16.h4 Rxe1+ 17.Rxe1 c4 18.bxc4 Qa5 19.Bxd6 Bxd6 20.Qb3 Nc5 21.Nxc5 Bxc5 22.Ng5 Qb6
23.Qf3 f5 24.h5 a5 25.hxg6 Qxg6 26.Nh3 a4 27.Nf4 Qf6 28.Nd3 Bf8 29.Nxb4 Bxb4
30.Rb1 Qe7 31.Qxf5 Rf8 32.Qg4+ Kh8 33.Qd4+ Kg8 34.d6 Qxd6 35.Qxd6 Bxd6 36.Rxb7 Bc5
37.Bd5+ Kh8 38.Rb2 Re8 39.Kg2 a3 40.Rc2 Re1 41.Rd2  1/2-1/2

[Event "Int ch-SVK OpenA"]
[Site "Banska Stiavnica SVK"]
[Date "2010.07.18"]
[Round "9"]
[White "Gleizerov,E"]
[Black "Maslik,M"]
[Result "1-0"]
[WhiteElo "2573"]
[BlackElo "2412"]

1.d4 Nf6 2.c4 e6 3.g3 c5 4.d5 exd5 5.cxd5 d6 6.Nc3 g6 7.Nf3 Bg7 8.Bg2 O-O
9.O-O Na6 10.h3 Nc7 11.e4 Re8 12.Re1 Nd7 13.Bf4 Ne5 14.Nxe5 Bxe5 15.Bxe5 dxe5
16.f4 Qd6 17.Qd2 b5 18.Rac1 Bd7 19.Qf2 c4 20.b3 b4 21.bxc4 bxc3 22.Rxc3 Qf6
23.Rf3 Re7 24.Rd3 Na6 25.c5 Rb8 26.Ra3 Bb5 27.Rb1 Ree8 28.Rab3 Bd3 29.Rxb8 Rxb8
30.Rxb8+ Nxb8 31.Qb2 Nd7 32.c6 exf4 33.Qxf6 Nxf6 34.d6 Bb5 35.e5 Nd7 36.cxd7 Bxd7
37.gxf4 Kf8 38.h4 Be6 39.a3 f6 40.Kf2 h6 41.Ke3 g5 42.hxg5 hxg5 43.exf6 g4
44.Bc6  1-0

[Event "Open A"]
[Site "Oberwart AUT"]
[Date "2010.07.18"]
[Round "6"]
[White "Diermair,A"]
[Black "Flumbort,A"]
[Result "0-1"]
[WhiteElo "2312"]
[BlackElo "2540"]

1.d4 Nf6 2.c4 e6 3.g3 c5 4.d5 exd5 5.cxd5 d6 6.Nc3 g6 7.Bg2 Bg7 8.Nf3 O-O
9.O-O a6 10.a4 Re8 11.Nd2 Nbd7 12.h3 Rb8 13.Nc4 Ne5 14.Na3 Nh5 15.e4 Bd7
16.a5 Qxa5 17.g4 Nf6 18.f4 Nexg4 19.hxg4 Nxg4 20.f5 h5 21.Bg5 c4 22.Kh1 Qc5
23.Qd2 b5 24.f6 Bh8 25.Nc2 b4 26.Ne2 Nf2+ 27.Rxf2 Qxf2 28.Ncd4 c3 29.bxc3 b3
30.Qb2 Bxf6 31.Rf1 Qxf1+ 32.Bxf1 Bxg5 33.Nc6 Rb6 34.Bg2 Ra8 35.Na5 Rc8 36.Nd4 Rxc3
37.Naxb3 Rc1+ 38.Qxc1 Bxc1 39.Nxc1 Rb1 40.Ne2 Bb5 41.Kh2 Rb2 42.Bf3 a5 43.Kg3 Bxe2
44.Nxe2 a4 45.Nc3 a3 46.e5 a2 47.Nxa2 Rxa2  0-1

[Event "Maria Albulet Mem"]
[Site "Braila ROU"]
[Date "2010.07.19"]
[Round "6"]
[White "Dragomirescu,An"]
[Black "Worek,J"]
[Result "0-1"]
[WhiteElo "2215"]
[BlackElo "2232"]

1.d4 Nf6 2.c4 e6 3.g3 c5 4.Nf3 cxd4 5.Nxd4 Nc6 6.Nc2 Qa5+ 7.Nd2 Ne5 8.Ne3 Bc5
9.Qb3 Nfg4 10.Bh3 Nxe3 11.fxe3 h5 12.O-O Qb6 13.Ne4 h4 14.g4 Rh6 15.Rf4 Rg6
16.Kf1 Be7 17.Bd2 Nxc4 18.Qxc4 d5 19.Qd4 dxe4 20.Qxb6 axb6 21.Rxe4 Bd7 22.Rc4 b5
23.Rc2 Bc6 24.b3 Be4 25.Rcc1 Ba3 26.Rc7 Rf6+ 27.Kg1 Kd8 28.g5 Kxc7 29.gxf6 Bb2
30.Rf1 Bxf6 31.Rf4 Rxa2 32.Rxe4 Rxd2 33.Kf2 Rb2 34.Rb4 Kb6 35.Bg2 Kc5 36.Rg4 Rxb3
37.Bxb7 Rc3 38.Be4 b4 39.Bd3 b3 40.Rg1 b2 41.Rb1 Rc1 42.e4 Kb4 43.Ke3 Kb3
44.Kd2 Bc3+  0-1

[Event "15th Open"]
[Site "Balaguer ESP"]
[Date "2010.07.20"]
[Round "2"]
[White "Maletin,P"]
[Black "Colovic,A"]
[Result "1-0"]
[WhiteElo "2617"]
[BlackElo "2452"]

1.d4 Nf6 2.c4 e6 3.g3 c5 4.d5 exd5 5.cxd5 d6 6.Nc3 g6 7.Bg2 Bg7 8.Nf3 O-O
9.O-O Na6 10.h3 Re8 11.Nd2 Nc7 12.a4 b6 13.Nc4 Ba6 14.Qb3 Bxc4 15.Qxc4 a6
16.Rb1 Nd7 17.e4 Rb8 18.Bf4 Ne5 19.Qe2 b5 20.b3 bxa4 21.bxa4 Rb4 22.Rxb4 cxb4
23.Nb1 Qd7 24.Rc1 Rb8 25.Qc2 Ne8 26.Nd2 a5 27.Bf1 h5 28.Be3 Qd8 29.Nb3 h4
30.g4 Qf6 31.f4 Nd7 32.Bb5 Rxb5 33.axb5 a4 34.b6 axb3 35.Qxb3 Nxb6 36.Bxb6 Qxf4
37.Qe3 Qe5 38.Rb1 Bh6 39.Qd3 Qc3 40.Rb3 Qe1+ 41.Kg2 Nf6 42.Bf2 Qxe4+ 43.Qxe4 Nxe4
44.Rxb4 Nxf2 45.Kxf2 Kg7 46.Kf3 Kf6 47.Rb7 Bc1 48.Ke4 Ba3 49.Rb3 Bc1 50.Rf3+ Ke7
51.Kd3 Bb2 52.Kc4 Be5 53.Kb5 Bd4 54.Kc6 Be5 55.Re3 Kf6 56.Rxe5 Kxe5 57.g5  1-0

[Event "3rd Open"]
[Site "Paleochora GRE"]
[Date "2010.07.22"]
[Round "2"]
[White "Sturt,R"]
[Black "Iordachescu,V"]
[Result "0-1"]
[WhiteElo "2173"]
[BlackElo "2623"]

1.d4 Nf6 2.c4 e6 3.g3 c5 4.d5 d6 5.Nc3 exd5 6.cxd5 g6 7.Bg2 Bg7 8.Nf3 Na6
9.O-O Nc7 10.a4 O-O 11.Nd2 b6 12.Re1 Ba6 13.Qb3 Re8 14.Nc4 Bxc4 15.Qxc4 a6
16.Bd2 Rb8 17.b4 Nd7 18.b5 Ra8 19.f4 Bd4+ 20.Kh1 Nf6 21.Bf3 h5 22.Kg2 Be3
23.Qd3 Qe7 24.bxa6 Rxa6 25.Nd1 Bxd2 26.Qxd2 Ne4 27.Qd3 Qf6 28.Nf2 Nxf2 29.Kxf2 b5
30.Reb1 Rea8 31.e4 c4 32.Qe3 Rxa4 33.Rxa4 Rxa4 34.e5 dxe5 35.fxe5 Qf5 36.Rd1 Ra2+
37.Ke1 b4 38.d6 Ne6 39.Qe4 Qg5 40.Be2 c3 41.Qd5 Rxe2+  0-1

[Event "3rd Open"]
[Site "Paleochora GRE"]
[Date "2010.07.23"]
[Round "3"]
[White "D'Costa,L"]
[Black "David,Alb"]
[Result "1/2-1/2"]
[WhiteElo "2456"]
[BlackElo "2622"]

1.d4 Nf6 2.c4 e6 3.g3 c5 4.d5 exd5 5.cxd5 b5 6.f3 c4 7.e4 Bc5 8.a4 Qa5+ 9.Bd2 b4
10.Nh3 Ba6 11.Bg5 d6 12.Nd2 b3 13.Bxf6 gxf6 14.Rc1 Nd7 15.Bxc4 Bxc4 16.Rxc4 Ne5
17.Kf1 Qa6 18.Qxb3 O-O 19.Kg2 Rab8 20.Qc3 Be3 21.Qxe3 Nxc4 22.Qh6 Rxb2 23.Ng5 Rxd2+
24.Kh3 fxg5 25.Qxg5+ Kh8  1/2-1/2

[Event "21st Czech GM Open"]
[Site "Pardubice CZE"]
[Date "2010.07.24"]
[Round "2"]
[White "Doros,R"]
[Black "Akesson,R"]
[Result "0-1"]
[WhiteElo "2331"]
[BlackElo "2470"]

1.d4 Nf6 2.c4 e6 3.g3 c5 4.d5 exd5 5.cxd5 b5 6.Bg2 d6 7.Nf3 g6 8.O-O Bg7
9.Nfd2 Ba6 10.Re1 Nbd7 11.Qc2 O-O 12.a4 b4 13.Nc4 Bxc4 14.Qxc4 Nb6 15.Qb3 a5
16.Nd2 Nfd7 17.Qc2 c4 18.Ne4 Qc7 19.Bf4 Ne5 20.Red1 h6 21.g4 Rac8 22.h4 f5
23.gxf5 gxf5 24.Ng3 Ng6 25.Nh5 b3 26.Qc1 Nxf4 27.Nxf4 c3 28.bxc3 Qxc3 29.Qa3 Nc4  0-1

[Event "ch-AUT"]
[Site "Vienna AUT"]
[Date "2010.07.24"]
[Round "1"]
[White "Diermair,A"]
[Black "Scheffknecht,P"]
[Result "1-0"]
[WhiteElo "2312"]
[BlackElo "2118"]

1.d4 Nf6 2.c4 e6 3.g3 c5 4.Nf3 cxd4 5.Nxd4 a6 6.Bg2 Bb4+ 7.Bd2 Be7 8.O-O O-O
9.Nc3 d6 10.h3 Qc7 11.Rc1 Nbd7 12.Be3 Re8 13.Qd2 Nf8 14.f4 Bd7 15.Bf2 Rac8
16.e4 Ng6 17.Nb3 b6 18.Qe3 h5 19.Rfe1 h4 20.g4 e5 21.f5 Nf4 22.Red1 Qb8 23.Ne2 Nxg2
24.Kxg2 Qb7 25.Nd2 b5 26.cxb5 axb5 27.g5 Nxe4 28.Qxe4 d5 29.Qxh4 Bxf5 30.Kg1 Bc2
31.Re1 d4 32.a3 b4 33.Ra1 Qd5 34.Ng3 Rc6 35.Qg4 Bd3 36.Qf3 e4 37.Ndxe4 Qb5
38.h4 Rec8 39.Nf5 Bf8 40.Nxd4  1-0

[Event "ch-AUT"]
[Site "Vienna AUT"]
[Date "2010.07.24"]
[Round "1"]
[White "Hartl,D"]
[Black "Lehner,O"]
[Result "1/2-1/2"]
[WhiteElo "2202"]
[BlackElo "2416"]

1.d4 Nf6 2.c4 e6 3.g3 c5 4.d5 exd5 5.cxd5 d6 6.Bg2 g6 7.e4 Bg7 8.Ne2 O-O
9.O-O Re8 10.Nbc3 Nbd7 11.Qc2 a6 12.a4 Rb8 13.a5 b5 14.axb6 Qxb6 15.Ra3 Ne5
16.Nd1 Qb4 17.f4 Ned7 18.Ne3 Nb6 19.Bd2 Qb5 20.Rb3 Qa4 21.Nc3 Qd4 22.Ne2 Qa4
23.Nc3 Qd4 24.Ne2  1/2-1/2

[Event "3rd Open"]
[Site "Paleochora GRE"]
[Date "2010.07.25"]
[Round "5"]
[White "D'Costa,L"]
[Black "Padurariu,I"]
[Result "1-0"]
[WhiteElo "2456"]
[BlackElo "2191"]

1.d4 Nf6 2.c4 e6 3.g3 c5 4.d5 exd5 5.cxd5 d6 6.Nc3 g6 7.Nf3 Bg7 8.Bg2 O-O
9.O-O a6 10.a4 Re8 11.Nd2 Nbd7 12.a5 b5 13.axb6 Nxb6 14.Nb3 Ng4 15.Na5 Ne5
16.Qb3 f5 17.h3 c4 18.Qa3 Qc7 19.Be3 Rb8 20.Rfd1 Bd7 21.Rd2 Bb5 22.Bd4 g5
23.Rc1 f4 24.Ne4 fxg3 25.fxg3 Nc8 26.b3 Qe7 27.bxc4 Bd7 28.c5 dxc5 29.Bxc5 Qf7
30.Nxg5 Qg6 31.h4 Ng4 32.Nc6 Rb1 33.e4 Bb2 34.Qxb2 Rxb2 35.Rxb2 h6 36.Nh3 Bxc6
37.dxc6 Qxc6 38.Nf4 Ne5 39.Be3 Qf6 40.Rb7 Nf7 41.Nd5 Qe6 42.Rb8 Kh7 43.Kh2 Ncd6
44.Nc7 Rxb8 45.Nxe6 Rb2 46.Rc7 a5 47.e5  1-0

[Event "3rd Open"]
[Site "Paleochora GRE"]
[Date "2010.07.28"]
[Round "8"]
[White "Sturt,R"]
[Black "Cruz Alvarez de Ron,D"]
[Result "1-0"]
[WhiteElo "2173"]
[BlackElo "2313"]

1.d4 Nf6 2.c4 e6 3.g3 c5 4.d5 exd5 5.cxd5 d6 6.Nf3 g6 7.Bg2 Bg7 8.Nc3 O-O
9.O-O a6 10.a4 Re8 11.Nd2 Nbd7 12.h3 Rb8 13.Nc4 Qc7 14.Bf4 Bf8 15.a5 b5 16.axb6 Nxb6
17.Na5 Bd7 18.Nc6 Ra8 19.Qb3 Nh5 20.Bd2 Bg7 21.Rfe1 Nf6 22.e4 Nh5 23.Ra2 Bxc6
24.dxc6 Bxc3 25.Qxc3 Qxc6 26.Bh6 d5 27.exd5 Rxe1+ 28.Qxe1 Qd6 29.b4 Nf6 30.bxc5 Qxc5
31.Qa1 Nbd7 32.Rxa6 Rxa6 33.Qxa6 Qe7 34.d6 Qe6 35.Bd5 Qe5 36.Qa8+ Qe8 37.Qxe8+ Nxe8
38.Bc6 Nef6 39.f4 Nb8 40.Bb5 Nfd7 41.Kf2 Nb6 42.f5 f6 43.Be8 gxf5 44.Kf3 Nd5
45.h4 Kh8 46.Bf7 Nc3 47.Kf4 Ne4 48.Bf8 Nd7 49.Be7 Kg7 50.Be8 Nec5 51.Kxf5 Nb6
52.h5 Nd5 53.h6+ Kg8 54.Bc6 Nxe7+ 55.dxe7  1-0

[Event "21st Czech GM Open"]
[Site "Pardubice CZE"]
[Date "2010.07.29"]
[Round "7"]
[White "Michalik,P"]
[Black "Stella,A"]
[Result "1-0"]
[WhiteElo "2453"]
[BlackElo "2310"]

1.d4 Nf6 2.c4 e6 3.g3 c5 4.d5 exd5 5.cxd5 b5 6.Nf3 Bb7 7.e4 Nxe4 8.Bg2 Be7
9.O-O O-O 10.Re1 f5 11.Nc3 Nxc3 12.bxc3 Bf6 13.Rb1 Qb6 14.a4 a6 15.Qd3 c4
16.Qd2 Qc5 17.Nd4 b4 18.Rxb4 Bxd5 19.Nb3 cxb3 20.Bxd5+ Kh8 21.Rc4 Qa7 22.Ba3 Nc6
23.Bc5  1-0

[Event "TCh-MNE Premier League"]
[Site "Cetinje MNE"]
[Date "2010.07.30"]
[Round "7"]
[White "Geler,A"]
[Black "Potpara,N"]
[Result "0-1"]
[WhiteElo "2325"]
[BlackElo "2035"]

1.d4 Nf6 2.c4 e6 3.g3 c5 4.d5 exd5 5.cxd5 b5 6.a4 b4 7.a5 d6 8.Bg2 g6 9.Nd2 Bg7
10.Qa4+ Bd7 11.Qb3 O-O 12.Nc4 Bb5 13.Bf4 Bxc4 14.Qxc4 Ng4 15.Bc1 Ne5 16.Qc2 Re8
17.Nh3 Nbd7 18.O-O Rc8 19.Ra4 Rb8 20.Bd2 Rb5 21.Rfa1 Qb8 22.f4 Ng4 23.e4 Bd4+
24.Kh1 b3 25.Qc1 Ndf6 26.Bf3 h5 27.Bc3 Nxe4 28.Bxd4 cxd4 29.Rxd4 Nef2+ 30.Nxf2 Nxf2+
31.Kg1 Rc5 32.Rc4 Nd3 33.Qc3 Qb5 34.Rxc5 Qxc5+ 35.Qxc5 dxc5 36.Kf1 c4 37.Rb1 Rc8
38.Be2 Nxb2 39.Bxc4 Nxc4 40.Rxb3 Nd2+  0-1

[Event "21st Czech GM Open"]
[Site "Pardubice CZE"]
[Date "2010.07.31"]
[Round "9"]
[White "Grinev,V"]
[Black "Babula,V"]
[Result "0-1"]
[WhiteElo "2336"]
[BlackElo "2533"]

1.d4 Nf6 2.c4 e6 3.g3 c5 4.Nf3 cxd4 5.Nxd4 Nc6 6.Bg2 Bc5 7.Nb3 Be7 8.O-O b6
9.Nc3 Ba6 10.Nb5 O-O 11.Bf4 d5 12.cxd5 Nxd5 13.N3d4 Nxd4 14.Nxd4 Qd7 15.Nf5 Bf6
16.Ne3 Rad8 17.Nxd5 exd5 18.Qd2 h6 19.h4 Qb5 20.Rfd1 Qxb2 21.Qxb2 Bxb2 22.Rab1 Bf6
23.Bxd5 Bxe2 24.Rd2 Ba6 25.Rb3 Be7 26.Be3 Rfe8 27.Kh2 g5 28.hxg5 hxg5 29.f4 Bc5
30.Bxc5 bxc5 31.Rbb2 gxf4 32.gxf4 Kf8 33.Bf3 Bd3 34.Be2 c4 35.Rdc2 c3 36.Rxc3 Rxe2+
37.Rxe2 Bxe2 38.Rc7 a6 39.f5 Kg7 40.Re7 Bb5  0-1

[Event "19th Open"]
[Site "Kavala GRE"]
[Date "2010.08.01"]
[Round "3"]
[White "Gupta,Ab"]
[Black "Grigorov,G"]
[Result "1-0"]
[WhiteElo "2587"]
[BlackElo "2503"]

1.d4 Nf6 2.c4 e6 3.g3 c5 4.d5 exd5 5.cxd5 b5 6.e4 Nxe4 7.Qe2 Qe7 8.Bg2 f5
9.Nc3 Nxc3 10.bxc3 Qxe2+ 11.Nxe2 Na6 12.d6 Rb8 13.Bf4 Bb7 14.Bxb7 Rxb7 15.O-O-O Kf7
16.Rhe1 g6 17.Ng1 Nb8 18.Rd5 Nc6 19.Nf3 Bg7 20.Ng5+ Kf8 21.Rxc5 Bf6 22.Rd1 Kg7
23.Rxc6 dxc6 24.d7 Rd8 25.Ne6+ Kf7 26.Nc5 Rbb8 27.Bxb8 Rxb8 28.Rd6 Bd8 29.f4 Bb6
30.Rxc6 Bxc5 31.Rxc5  1-0